| 000 | 00508nam a2200181 a 4500 | ||
|---|---|---|---|
| 005 | 20140310183314.0 | ||
| 008 | 051011s19uu xx 00 eng d | ||
| 020 | _a0323031455 | ||
| 050 |
_aRT 120.R4 _b.F58 2005 |
||
| 100 | _aFlannery, Jeanne | ||
| 245 |
_aRehabilitation nursin secrets / _cJeanne Flannery. |
||
| 260 |
_aSt. Louis, Missouri : _bMosby, Inc, _c2005. |
||
| 300 |
_axv, 407 p. ; _c25 cm. |
||
| 521 | _aNUR | ||
| 650 | _aRehabilitation nursing. | ||
| 942 |
_cBK _2lcc _kFOR |
||
| 999 |
_c21244 _d21244 |
||